00359nam a2200145Ia 4500008004100000020001800041082001300059100001900072245003800091250000800129260002500137300001300162500002600175650001200201230524s9999 xx 000 0 und d a9780070599529 a415bRIZ aM Ashraf Rizvi 0aEffective Technical Communication a1ST aNEW DELHIbMGHc2008 aXXII;528 aQuantity Number: 200 aEnglish